<?xml version="1.0" encoding="UTF-8"?><marc:collection xmlns:marc="http://www.loc.gov/MARC21/slim">
  <marc:record>
    <marc:leader>00000nam##2200000za#4500</marc:leader>
    <marc:controlfield tag="001">9.602727</marc:controlfield>
    <marc:controlfield tag="003">CaOODSP</marc:controlfield>
    <marc:controlfield tag="005">20210624210722</marc:controlfield>
    <marc:controlfield tag="007">cr |||||||||||</marc:controlfield>
    <marc:controlfield tag="008">150406|1997||||xxc|||||o    f|0| 0 fre|d</marc:controlfield>
    <marc:datafield tag="040" ind1=" " ind2=" ">
      <marc:subfield code="a">CaOODSP</marc:subfield>
      <marc:subfield code="b">fre</marc:subfield>
    </marc:datafield>
    <marc:datafield tag="043" ind1=" " ind2=" ">
      <marc:subfield code="a">n-cn---</marc:subfield>
    </marc:datafield>
    <marc:datafield tag="086" ind1="1" ind2=" ">
      <marc:subfield code="a">F21-4/97-2F-PDF</marc:subfield>
    </marc:datafield>
    <marc:datafield tag="110" ind1="1" ind2=" ">
      <marc:subfield code="a">Canada. </marc:subfield>
      <marc:subfield code="b">Ministère des finances.</marc:subfield>
    </marc:datafield>
    <marc:datafield tag="245" ind1="1" ind2="3">
      <marc:subfield code="a">Le fardeau d'observation des règles fiscales pour les grandes entreprises canadiennes / </marc:subfield>
      <marc:subfield code="h">[ressource électronique]</marc:subfield>
      <marc:subfield code="c">[par] Brian Erard ; rédigé pour le Comité technique de la fiscalité des entreprises. </marc:subfield>
    </marc:datafield>
    <marc:datafield tag="260" ind1=" " ind2=" ">
      <marc:subfield code="a">Ottawa - Ontario : </marc:subfield>
      <marc:subfield code="b">Finances Canada </marc:subfield>
      <marc:subfield code="c">Avril 1997.</marc:subfield>
    </marc:datafield>
    <marc:datafield tag="300" ind1=" " ind2=" ">
      <marc:subfield code="a">40p.</marc:subfield>
      <marc:subfield code="b">références, tableaux</marc:subfield>
    </marc:datafield>
    <marc:datafield tag="490" ind1="1" ind2=" ">
      <marc:subfield code="a">Document de travail</marc:subfield>
      <marc:subfield code="v">97-2</marc:subfield>
    </marc:datafield>
    <marc:datafield tag="500" ind1=" " ind2=" ">
      <marc:subfield code="a">«Le présent rapport expose les résultats d'un sondage réalisé auprès de grandes entreprises canadiennes sur leurs coûts d'observation des règles fédérales et provinciales applicables à l'impôt sur les bénéfices et sur le capital des sociétés. Ce sondage a été effectué pour le compte du Comité technique par le Tax Executives Institute, à l'été 1996. Il portait sur l'importance et la composition de ces coûts, ainsi que sur les perceptions et les propositions de changements des répondants.»--Sommaire.</marc:subfield>
    </marc:datafield>
    <marc:datafield tag="520" ind1="3" ind2=" ">
      <marc:subfield code="a">Le présent rapport expose les résultats d'un sondage réalisé auprès de grandes entreprises canadiennes sur leurs coûts d'observation des règles fédérales et provinciales applicables à l'impôt sur les bénéfices et sur le capital des sociétés. Ce sondage a été effectué pour le compte du Comité technique par le Tax Executives Institute, à l'été 1996. Il portait sur l'importance et la composition de ces coûts, ainsi que sur les perceptions et les propositions de changements des répondants.--Sommaire</marc:subfield>
    </marc:datafield>
    <marc:datafield tag="590" ind1=" " ind2=" ">
      <marc:subfield code="a">11-30-Supp</marc:subfield>
      <marc:subfield code="b">2011-12-02</marc:subfield>
    </marc:datafield>
    <marc:datafield tag="720" ind1="1" ind2=" ">
      <marc:subfield code="a">Erard, Brian</marc:subfield>
    </marc:datafield>
    <marc:datafield tag="775" ind1="0" ind2="8">
      <marc:subfield code="t">The income tax compliance burden on Canadian big business / </marc:subfield>
      <marc:subfield code="w">(CaOODSP)9.572351</marc:subfield>
    </marc:datafield>
    <marc:datafield tag="776" ind1="0" ind2="#">
      <marc:subfield code="t">Le fardeau d'observation des règles fiscales pour les grandes entreprises canadiennes / </marc:subfield>
      <marc:subfield code="w">(CaOODSP)9.624570</marc:subfield>
    </marc:datafield>
    <marc:datafield tag="830" ind1="#" ind2="0">
      <marc:subfield code="a">Document de travail ;</marc:subfield>
      <marc:subfield code="v">97-2</marc:subfield>
      <marc:subfield code="w">(CaOODSP)9.503121</marc:subfield>
    </marc:datafield>
    <marc:datafield tag="856" ind1="4" ind2="0">
      <marc:subfield code="a">http://publications.gc.ca</marc:subfield>
      <marc:subfield code="q">PDF</marc:subfield>
      <marc:subfield code="s">139 Ko</marc:subfield>
      <marc:subfield code="u">https://publications.gc.ca/collections/Collection/F21-4-97-2F.pdf</marc:subfield>
      <marc:subfield code="y">97-2</marc:subfield>
    </marc:datafield>
  </marc:record>
</marc:collection>
